000 00686nam a2200193Ia 4500
003 LDD
008 190117s9999 xx 000 0 und d
020 _a9788126719563
_c₹350
040 _cLDD
041 _ahi
082 _a8H3.7 ल्6208कि
100 _aल्योसा, मारियो वार्गास
245 0 _aकिस्सागो
_cमारियो वार्गास ल्योसा
260 _aनई दिल्ली
_bराजकमल प्रकाशन
_c2011
300 _a231p.
901 _aKGP TST
904 _aReqst by : Rajendra Prasad Pandey
942 _2ddc
_cH
999 _c169160
_d169160